|
|
|
|
| LEADER |
00000cam a2200000 7i4500 |
| 001 |
0000001733 |
| 005 |
20011108.0 |
| 090 |
0 |
0 |
|a 634.9
|b FOR 1992
|
| 110 |
1 |
0 |
|a FORESTRY Research Support Programme for Asia and the Pacific (FORSPA)
|
| 245 |
1 |
0 |
|a Pre Implementation Seminar Advisory Group Meeting ... proceedings...
|
| 260 |
0 |
0 |
|a Bangkok :
|b Asian Development Bank ,
|c 1992
|
| 300 |
|
|
|a 99 p. ;
|c 30 cm.
|
| 650 |
0 |
0 |
|a Forests and forestry
|x Research
|
| 998 |
|
|
|a JPSM
|
| 999 |
|
|
|a 0000002709
|b Monograph
|c Open Shelf
|e Default branch
|
| 999 |
|
|
|a 0000003933
|b Monograph
|c Open Shelf
|e Default branch
|
| 999 |
|
|
|a 0000004041
|b Monograph
|c Open Shelf
|e Default branch
|